| 000 | 00435nam a2200193Ia 4500 | ||
|---|---|---|---|
| 008 | 210210b1949 xxu||||| |||| 00| 0 eng d | ||
| 041 | _aeng | ||
| 082 | _a829/690 | ||
| 100 | _aLLEWELLYN (R) | ||
| 245 | _aHow green was my valley | ||
| 260 |
_aLondon _bMichael Joseph Limited _c1949 |
||
| 650 | _awas | ||
| 650 | _avalley | ||
| 650 | _amy | ||
| 650 | _aHow | ||
| 650 | _agreen | ||
| 690 | _aEnglish Fiction | ||
| 906 | _a017289 | ||
| 999 |
_c137247 _d137247 |
||